000 01524nam a2200469 a 4500
001 21707
003 CZ PrNK
005 20260309100155.0
007 ta
008 131029s2013 xr a b e 000 0 slo
015 _acnb002509917
020 _a9788025226018
_q(váz.)
035 _a(OCoLC)864849523
040 _aBOA001
_bcze
041 1 _aslo
_heng
043 _an-us---
072 7 _a791
_xFilm. Cirkus. Lidová zábava
_2Konspekt
072 7 _a0/9-053.2
_xLiteratura pro děti a mládež (naučná)
_2Konspekt
080 _a791.228
_2MRF
080 _a(73)
_2MRF
080 _a(084.11)
_2MRF
080 _a(0.053.2)
_2MRF
100 1 _aDakin, Glenn,
_d1960-
_4aut
245 1 0 _aPríšerky - univerzita :
_bobrazový sprievodca /
_cnapísal Glenn Dakin ; [anglický originál ... preložila Eva Krupová]
250 _a1. vyd.
260 _aV Prahe :
_bEgmont,
_c2013
300 _a63 s. :
_bbarev. il. ;
_c27 cm
500 _aNad názvem: Disney, Pixar
630 0 7 _aPříšerky s.r.o.
_2czenas
650 0 7 _aanimované filmy
_zSpojené státy americké
_2czenas
650 0 9 _aanimated film
_zUnited States
_2eczenas
655 7 _aobrazové publikace
_2czenas
655 7 _apublikace pro děti
_2czenas
655 9 _apictorial works
_2eczenas
655 9 _achildren's literature
_2eczenas
710 2 _aWalt Disney Enterprises
710 2 _aPixar (firma)
765 0 _tMonsters university essential guide
901 _b9788025226018
_f1. vyd.
_o20131108
910 _aABA001
942 _2ddc
_cKLDE
_n0
999 _c21707
_d21707